Catálogo
 En Linea

Psiquiatría biológica latinoamericana / (Registro nro. 23539)

Detalles MARC
000 -CABECERA
campo de control de longitud fija 01360nam a2200241 a 4500
001 - NÚMERO DE CONTROL
campo de control 000024044
005 - FECHA Y HORA DE LA ÚLTIMA TRANSACCIÓN
campo de control 20200930022653.0
008 - DATOS DE LONGITUD FIJA--INFORMACIÓN GENERAL
campo de control de longitud fija 110118s1993 ag 000 0 spa d
020 ## - NÚMERO INTERNACIONAL ESTÁNDAR DEL LIBRO
Número Internacional Estándar del Libro 9508530073 (t. 2)
020 ## - NÚMERO INTERNACIONAL ESTÁNDAR DEL LIBRO
Número Internacional Estándar del Libro 9508530081 (t. 3)
040 ## - FUENTE DE LA CATALOGACIÓN
Centro catalogador/agencia de origen DO-SdBNP
Lengua de catalogación spa
Centro/agencia transcriptor BNPHU
082 ## - NÚMERO DE LA CLASIFICACIÓN DECIMAL DEWEY
Número de clasificación nn*
Número de documento/Ítem nn*
049 ## - FONDOS LOCALES (OCLC)
Fondos de biblioteca BNGR
245 00 - MENCIÓN DE TÍTULO
Título Psiquiatría biológica latinoamericana /
Mención de responsabilidad, etc. compilación de Roberto Fernández Labriola, Héctor Puppo Touriz y Guillermo Caetano Esquivel.
260 ## - PUBLICACIÓN, DISTRIBUCIÓN, ETC.
Lugar de publicación, distribución, etc. Buenos Aires :
Nombre del editor, distribuidor, etc. Cangrejal,
Fecha de publicación, distribución, etc. 1993.
300 ## - DESCRIPCIÓN FÍSICA
Extensión t. ;
Dimensiones 19 cm.
490 1# - MENCIÓN DE SERIE
Mención de serie Cangrejal PSI. FLAPB
Designación de volumen o secuencia v. 3
-- v. 4
505 0# - NOTA DE CONTENIDO CON FORMATO
Información miscelánea T. 2.
Mención de responsabilidad Mariano Alvarez, Carlos Castañeda González, Marcelo Cetkovich-Bakmas, Jorge Ciprián-Ollivier, Otto Dörr Zegers, Roberto Fernández Labriola, Miguel Herrera Estrella, Carlos Hojaij, Eduardo Kalina, Jorge Nazar, Carlos Torner, Gonzalo F. Viale --
Información miscelánea T. 3.
Título Marcos Abalovich, Liliana Boado, Guillermo Caetano Esquivel, José Caruso Madalena, Roxanna Delgado, Alberto Dibbern, Roberto Fernández Labriola, María del Carmen García, Rafael García, Abraham Guitelman, Eduardo Kalina, Gonzalo Matovelle, Pedro Posligua Balseca, Luis Seni.
700 1# - PUNTO DE ACCESO ADICIONAL--NOMBRE DE PERSONA
Nombre de persona Fernández Labriola, Roberto.
9 (RLIN) 49387
700 1# - PUNTO DE ACCESO ADICIONAL--NOMBRE DE PERSONA
Nombre de persona Puppo Touriz, Héctor.
9 (RLIN) 49388
700 1# - PUNTO DE ACCESO ADICIONAL--NOMBRE DE PERSONA
Nombre de persona Caetano Esquivel, Guillermo.
9 (RLIN) 49389
830 #0 - PUNTO DE ACCESO ADICIONAL DE SERIE-TÍTULO UNIFORME
Título uniforme Cangrejal PSI
Nombre de parte o sección de la obra FLAPB,
Designación de volumen o secuencia v. 3
-- v. 4
9 (RLIN) 49390
Existencias
Estado de retiro Estado de pérdida Restricciones de uso No para préstamo Código de colección Localización permanente Ubicación/localización actual Ubicación en estantería Fecha de adquisición Número de inventario Total de préstamos Signatura topográfica completa Código de barras Fecha visto por última vez Precio válido a partir de Tipo de ítem Koha
        Monografías: Libros y Folletos General General En catalogación 18.01.2011 LF1   v. 2 24044-10 25.06.2020 25.06.2020 Préstamo en sala
        Monografías: Libros y Folletos General General En catalogación 18.01.2011 LF1   v. 2, e. 2 24044-20 25.06.2020 25.06.2020 Préstamo en sala
        Monografías: Libros y Folletos General General En catalogación 18.01.2011 LF1   v. 2, e. 3 24044-30 25.06.2020 25.06.2020 Préstamo en sala
        Monografías: Libros y Folletos General General En catalogación 18.01.2011 LF1   v. 3 24044-40 25.06.2020 25.06.2020 Préstamo en sala
        Monografías: Libros y Folletos General General En catalogación 18.01.2011 LF1   v. 3, e. 2 24044-50 25.06.2020 25.06.2020 Préstamo en sala
        Monografías: Libros y Folletos General General En catalogación 18.01.2011 LF1   v. 3, e. 3 24044-60 25.06.2020 25.06.2020 Préstamo en sala

Con tecnología Koha